| 000 | 00536cam a22001451a 4500 | ||
|---|---|---|---|
| 082 |
_a358.18042 _bMAR |
||
| 100 | 1 |
_aMartel, Giffard Le Quesne, _950385 |
|
| 245 | 1 | 0 |
_aIn the wake of the tank : _bthe first fifteen years of mechanization in the British army / _cby Lieut.-Col. G. Le Q. Martel. |
| 260 |
_aLondon : _bSifton, Praed, _c1931. |
||
| 300 |
_axii, 257 p., [27] p. of plates : _bill. ; _c22 cm. |
||
| 526 |
_a0 _b0 _c0 _d358_180420000000000_MAR |
||
| 650 | 0 |
_aMCE _9379 |
|
| 650 | 0 |
_aTanks (Military science) _946748 |
|
| 942 |
_2ddc _cBK |
||
| 999 |
_c553116 _d553116 |
||